01389nam a2200277Ia 4500003000400000005001700004008004100021020001800062040002100080041000800101082002600109100004600135245019200181250002200373260004300395300002900438490003000467504006900497505022100566650006300787650006300850650005000913942001200963999001500975952012100990OSt20200722195218.0191128s2007 ck fr 000 0 spa d a9789584401588 aCO-JMCRcCO-JMCR0 aspa04a338.9861 /bC352s2231 aCastillo, Luis Carlos, ecompilador9766410aSociedad y economía : bel Valle del Cauca y Colombia, la investigación social y económica en la región y en Colombia, Cidse 1976-2006 30 años /ccompilador Luis Carlos Castillo aPrimera edición aCali : bUniversidad del Valle, c2007 a395 páginas ; c24 cm.0 aLibros de investigación aIncluye referecias bibliográficas al final de cada capítulo.0 aColombia en la década de 1980: hacia una caracterización de la coyuntura histórica en Colombia -- Formación de un sector de clase social: la burguesía azucarera en el valle del Cauca en los años 1930-194014aDesarrollo económico zValle del Cauca (Colombia) 9766514aCrecimiento económicozValle del Cauca (Colombia) 9766614aEconomía xinvestigaciones zColombia97667 2ddccBK c5632d5632 00102ddc40708NFICaCPLbCPLd2019-04-15eDonacióno338.9861 / C352s p430002714r2024-05-16 00:00:00tEj.1yBK